Statistics for Diseases that are Eradicated or Eradicable

Click here to take the quiz!

General Stats

  • This quiz has been taken 304 times
  • The average score is 3 of 7

Answer Stats

Disease% Correct
Smallpox
92%
Polio
86%
Malaria
59%
Rabies
27%
Dracunculiasis (Guinea Worm)
10%
Rinderpest
9%
Yaws
4%

Score Distribution

Percentile by Number Answered

Percent of People with Each Score

Your Score History

You have not taken this quiz